000 00764nam a22002417a 4500
005 20241203124544.0
010 _aENG-142804
020 _a9789355329462
_c280.00
035 _aEN-126336
037 _bDBAD
082 _21
_a320
100 _aChahal, Sumesh
_974579
245 _aNCERT Compendium - Indian Polity/
_cBy Sumesh Chahal...[et.al]
250 _a1
260 _aChennai
_bMcGraw Hill
_c2024
270 _a5/90 A, Butt Road, St. Thomas Mount
_bChennai
_e600016
300 _a174p.
_c25cm(pb)
_bIndex
500 _aOne Stop Solution For UPSE & State-PSCs
700 _aPradhan, Animesh
_eAuthor
_974557
700 _aVirupaksh Singh
_eAuthor
_974558
700 _aJain, Shubham
_eAuthor
_974559
942 _2ddc
_cEN
_h320
_mCHA
_e1
999 _c207359
_d207359